| 000 | 00693nam a2200205Ia 4500 | ||
|---|---|---|---|
| 005 | 20250508153410.0 | ||
| 008 | 008 250505s9999 xx 000 0 eng d | ||
| 037 | _aTextual | ||
| 040 |
_aFEDL _beng _cFEDL |
||
| 041 |
_aeng _2eng |
||
| 084 |
_a370.1, DES _qFEDL |
||
| 100 |
_aDesai D. M. _9738736 |
||
| 245 | 0 | _aEvolution of the concept of universalism in education : A study in the development of educational thought | |
| 260 |
_aBaroda, India _bFaculty of Education and Psychology _c1960 |
||
| 300 | _a57p. | ||
| 490 | _aStudies in educational history and administration | ||
| 650 | _aEducation - Philosophy | ||
| 942 |
_cTEXL _h370.1, DES |
||
| 999 |
_c1342579 _d1342579 |
||